000 00609nam a2200217Ia 4500
005 20241129120150.0
008 241129s9999||||xx |||||||||||||| ||und||
020 _a9789391047191
037 _aTB
040 _aSDCL
_beng
_cSDCL
041 _aeng
_2eng
084 _aY31.2'P, R3
_qSDCL
100 _aJodhka Surinder S.
_9271568
245 0 _aIndian village: Rural lives in the 21st century
260 _aNew Delhi
_bAleph Books
_c2023
300 _axvi,279p.
365 _aINR
_b799
650 _aBusiness Economics and Finance
942 _cTB
_hY31.2'P, R3
999 _c1233626
_d1233626